Krishna's discrete mathematical structures for B. Tech. and MCA students of all colleges affiliated to Indian universities / (Record no. 52344)
[ view plain ]
| 000 -LEADER | |
|---|---|
| fixed length control field | 00991nam a22002537a 4500 |
| 005 - DATE AND TIME OF LATEST TRANSACTION | |
| control field | 20110511111831.0 |
| 008 - FIXED-LENGTH DATA ELEMENTS--GENERAL INFORMATION | |
| fixed length control field | 110511t xxu||||| |||| 00| 0 eng d |
| 010 ## - LCCN (DPL NO) | |
| LC control number | ENG-102438 |
| 020 ## - INTERNATIONAL STANDARD BOOK NUMBER | |
| International Standard Book Number | 9788182830714 |
| Terms of availability | 325.00 |
| 020 ## - INTERNATIONAL STANDARD BOOK NUMBER | |
| International Standard Book Number | 8182830710 |
| Terms of availability | 325.00 |
| 035 ## - SYSTEM CONTROL NUMBER | |
| System control number | EN-85971 |
| 037 ## - SOURCE OF ACQUISITION | |
| Source of stock number/acquisition | DBAD/PUB |
| 040 ## - CATALOGING SOURCE | |
| Original cataloging agency | DPL |
| Language of cataloging | Eng |
| 082 ## - DEWEY DECIMAL CLASSIFICATION NUMBER | |
| Classification number | 511.6 |
| 100 ## - MAIN ENTRY--PERSONAL NAME | |
| Personal name | Chauhan, J. P. |
| 9 (RLIN) | 27875 |
| 245 ## - TITLE STATEMENT | |
| Title | Krishna's discrete mathematical structures for B. Tech. and MCA students of all colleges affiliated to Indian universities / |
| Statement of responsibility, etc | by J. P. Chauhan |
| 260 ## - PUBLICATION, DISTRIBUTION, ETC. (IMPRINT) | |
| Place of publication, distribution, etc | Meerut |
| Name of publisher, distributor, etc | Krishna Prakashan |
| Date of publication, distribution, etc | 2010 |
| 270 ## - ADDRESS | |
| Address | 11, Shivaji Road |
| City | Meerut |
| Postal code | 250001 |
| Telephone number | 91-121-2644766,2642946 |
| Fax number | 91-121-2645855 |
| Electronic mail address | info@krishnaprakashan.com |
| 300 ## - PHYSICAL DESCRIPTION | |
| Extent | xxiii, 720,4 p. |
| Dimensions | 24cm (pbk) |
| 650 ## - SUBJECT ADDED ENTRY--TOPICAL TERM | |
| 9 (RLIN) | 27887 |
| 700 ## - ADDED ENTRY--PERSONAL NAME | |
| 9 (RLIN) | 27963 |
| 942 ## - ADDED ENTRY ELEMENTS (KOHA) | |
| Source of classification or shelving scheme | Dewey Decimal Classification |
| Item type | English Books |
| Classification part | 511.6 |
| Call number suffix | CHA |
| Withdrawn status | Lost status | Source of classification or shelving scheme | Damaged status | Not for loan | Collection code | Home library | Current library | Date acquired | Source of acquisition | Cost, normal purchase price | Total Checkouts | Full call number | Barcode | Date last seen | Copy number | Cost, replacement price | Koha item type |
|---|---|---|---|---|---|---|---|---|---|---|---|---|---|---|---|---|---|
| Dewey Decimal Classification | Not For Loan | Non-fiction | D.B.Act.Division | D.B.Act.Division | 11/05/2011 | DBAD/PUB | 325.00 | 511.6 CHA | EN-85971 | 11/05/2011 | 1 | 325.00 | English Books |
